| 000 | 01327nam a2200193 i 4500 | ||
|---|---|---|---|
| 001 | 768714001 | ||
| 003 | CO-MdFUSB | ||
| 005 | 20220726155218.0 | ||
| 008 | 220726t1984 ck |||| |||| 00| 0 spa d | ||
| 040 |
_bspa _cCO-MdFUSB _dCO-MdFUSB |
||
| 041 | _aspa | ||
| 100 |
_aLawrence, David Herbert, _eautor |
||
| 245 | 3 |
_aEl amante de Lady Chatterley _c/ David Herbert Lawrence |
|
| 300 |
_aVolumen 13, (1984) páginas 131 - 375 ; _c22 cm. |
||
| 520 | _aConstance Chatterley se había casado con el adinerado sir Clifford en 1917. Pero su marido fue herido fatalmente en la Primera Guerra Mundial y se vio confinado en una silla de ruedas para el resto de sus días, paralítico e imposibilitado para satisfacer a su mujer. Retirados en su mansión campestre, Constance ve cómo su vida y su juventud se escapan. Ama a su marido, pero tiene que responder a la pulsión de la naturaleza. Y allí, cerca del bosque, sus sentidos le exigen una reparación: Oliver Mellors, el callado guardabosques de las tierras de los Chatterley, un hombre fuerte, desinhibido, salvaje y apasionado, se encargará de proporcionar a Constance lo que su marido ya no puede darle. | ||
| 653 | _aLiteratura inglesa | ||
| 773 | 0 |
_067924 _981152 _aOveja Negra, _o24702 _tMaestros de la literatura universal _w(CO-MdFUSB)768714001 _z8482806718 |
|
| 942 | _cBK | ||
| 999 |
_c68012 _d68012 |
||